| 000 | 00930nam a2200253 i 4500 | ||
|---|---|---|---|
| 001 | 6571 | ||
| 003 | ES-MaACL | ||
| 005 | 20230906145011.0 | ||
| 007 | t| | ||
| 008 | 900115s1989 sp ||||1| spa d | ||
| 020 | _a84-86852-77-3 | ||
| 080 | _a371.91/92:301 | ||
| 245 | 0 | 0 |
_aPrestaciones y servicios para personas con minusvalia en los paises de la CE _b: informe final del Seminario del Grupo RI/CEC, celebrado en Madrid los dias 17 y 18 de noviembre de 1988. |
| 250 | _a1a ed. | ||
| 260 |
_aMadrid : _bMinisterio de Asuntos Sociales, Instituto Nacional de Servicios Sociales, _c1989. |
||
| 300 |
_a372 p. ; _c21 cm. |
||
| 490 | 1 |
_aRehabilitacion ; _v33 |
|
| 500 | _aIndice. | ||
| 650 | 1 | 4 |
_aMinusválidos- _zEuropa. _915072 |
| 710 | 2 |
_aInstituto Nacional de Servicios Sociales (España) _95189 |
|
| 830 | 0 |
_aRehabilitacion ; _v33 _9178031 |
|
| 852 |
_aES-MaACL _jL-13727 _bR.117090 _z. - rust. |
||
| 999 |
_c6571 _d6571 |
||